| 000 | 00933nam a2200241Ia 4500 | ||
|---|---|---|---|
| 003 | OSt | ||
| 005 | 20220918110920.0 | ||
| 006 | a|||||r|||| 00| 0 | ||
| 007 | ta | ||
| 008 | 220915b |||||||| |||| 00| 0 hin d | ||
| 020 |
_a8170161533 (hbk) _c75 |
||
| 024 | _a247564 | ||
| 037 |
_b430, 04/03/2008, University Book House _cReference Collections |
||
| 040 |
_aARTS _cARTS _bhin |
||
| 041 |
_2hin _ahin |
||
| 082 | _aO156,3N12,11, 152N3.1-.5-;1(RR) | ||
| 100 | _aपटेल, पन्ना लाल | ||
| 245 | 0 | _aपार्थ से कहो चढ़ाए बाण | |
| 246 | _aPārtha se kaho chaढ़āe bāṇa | ||
| 260 |
_aनई दिल्ली _bकिताबघर भारत _c1993 |
||
| 942 |
_hO156,3N12,11, 152N3.1-.5-;1(RR) _cREF |
||
| 999 |
_c115706 _d115706 |
||